Stany USA według granic w 30 sekund - Statystyki

Ogólne statystyki
  • Ten quiz został rozwiązany 6 877 razy
  • Średni wynik to 26 z 50
Odpowiedzi na mapie
Odpowiedzi zakodowano w zielono-czerwonej skali na mapie do tego quizu, zgodnie z poniższymi procentami.
 
Statystyki odpowiedzi
Sąsiadujące stany Stan % Poprawnych
Arizona, Kolorado, Oklahoma, Teksas, Utah Nowy Meksyk
85%
Arizona, Idaho, Kalifornia, Oregon, Utah Nevada
83%
Arkansas, Kansas, Kolorado, Missouri, Nowy Meksyk, Teksas Oklahoma
83%
Idaho, Kalifornia, Nevada, Waszyngton Oregon
83%
Kalifornia, Kolorado, Nevada, Nowy Meksyk, Utah Arizona
81%
Arkansas, Luizjana, Nowy Meksyk, Oklahoma Teksas
80%
Luizjana, Missisipi, Missouri, Oklahoma, Teksas, Tennessee Arkansas
79%
Arizona, Nevada, Oregon Kalifornia
78%
Montana, Nevada, Oregon, Utah, Waszyngton, Wyoming Idaho
75%
Arkansas, Mississippi, Teksas Luizjana
75%
Alabama, Floryda, Karolina Północna, Karolina Południowa, Tennessee Georgia
69%
Floryda, Georgia, Missisipi, Tennessee Alabama
67%
Delaware, Maryland, New Jersey, Nowy Jork, Ohio, Wirginia Zachodnia Pensylwania
66%
Arizona, Idaho, Kolorado, Nevada, Nowy Meksyk, Wyoming Utah
64%
Alabama, Georgia Floryda
63%
Arizona, Kansas, Nebraska, Nowy Meksyk, Oklahoma, Utah, Wyoming Kolorado
63%
Dakota Południowa, Idaho, Kolorado, Montana, Nebraska, Utah Wyoming
60%
Connecticut, Massachusetts, New Jersey, Pensylwania, Vermont Nowy Jork
56%
Idaho, Oregon Waszyngton
55%
Delaware, Nowy Jork, Pensylwania New Jersey
54%
Alabama, Arkansas, Georgia, Karolina Północna, Kentucky, Missisipi, Missouri, Wirginia Tennessee
53%
Illinois, Indiana, Missouri, Ohio, Tennessee, Wirginia, Wirginia Zachodnia Kentucky
51%
Connecticut, New Hampshire, Nowy Jork, Rhode Island, Vermont Massachusetts
51%
Dakota Północna, Iowa, Minnesota, Montana, Nebraska, Wyoming Dakota Południowa
50%
Massachusetts, New Hampshire, Nowy Jork Vermont
50%
Massachusetts, Nowy Jork, Rhode Island Connecticut
49%
Illinois, Kentucky, Michigan, Ohio Indiana
49%
Arkansas, Illinois, Iowa, Kansas, Kentucky, Nebraska, Oklahoma, Tennessee Missouri
49%
Alaska
48%
Dakota Południowa, Iowa, Kansas, Kolorado, Missouri, Wyoming Nebraska
48%
Idaho, Dakota Północna, Dakota Południowa, Wyoming Montana
47%
Indiana, Kentucky, Michigan, Pensylwania, Wirginia Zachodnia Ohio
47%
Kentucky, Maryland, Ohio, Pensylwania, Wirginia Wirginia Zachodnia
44%
Indiana, Ohio, Wisconsin Michigan
43%
Kolorado, Missouri, Nebraska, Oklahoma Kansas
41%
Dakota Południowa, Illinois, Minnesota, Missouri, Nebraska, Wisconsin Iowa
39%
Iowa, Dakota Północna, Dakota Południowa, Wisconsin Minnesota
38%
Dakota Południowa, Minnesota, Montana Dakota Północna
37%
Georgia, Karolina Południowa, Tennessee, Virginia Karolina Północna
34%
Illinois, Iowa, Michigan, Minnesota Wisconsin
34%
Indiana, Iowa, Kentucky, Missouri, Wisconsin Illinois
33%
Alabama, Arkansas, Luizjana, Tennessee Missisipi
33%
Karolina Północna, Kentucky, Maryland, Tennessee, Wirginia Zachodnia Wirginia
33%
Hawaje
29%
Georgia, Karolina Północna Karolina Południowa
22%
Delaware, Pensylwania, Wirginia, Wirginia Zachodnia Maryland
21%
Maine, Massachusetts, Vermont New Hampshire
19%
Maryland, New Jersey, Pensylwania Delaware
17%
New Hampshire Maine
15%
Connecticut, Massachusetts Rhode Island
8%
Nie znaleziono quizów pasujących do podanych kryteriów
Rozkład punktacji
Procent ludzi z każdym wynikiem
Percentyl według liczby udzielonych odpowiedzi
Twoja historia wyników
Nie rozwiązałeś tego quizu